| 000 | 00672nam a2200193 a 4500 | ||
|---|---|---|---|
| 001 | 23152 | ||
| 003 | CO-ViMGA | ||
| 008 | 141112s2004 ck r 000 u spa d | ||
| 020 | _a9789588214474 | ||
| 040 |
_aCO-ViMGA _bspa _cCO-ViMGA |
||
| 082 | 0 | 4 | _a636.5 A596b |
| 100 | 1 |
_aAnzola Vasques, Hector _933347 |
|
| 245 | 1 | 0 |
_aLas buenas practicas de bioseguridad en granjas de reproducion aviar y plantas de incubacion : _bConceptos basicos para su aplicacion en colombia |
| 260 |
_aColombia : _bIca |
||
| 300 | _a54 p. | ||
| 650 | 1 | 4 |
_aAVICULTURA - MEDIDAS DE SEGURIDAD _933348 |
| 650 | 1 | 4 |
_aPLANTAS DE INCUBACION - CONTROL DE CALIDAD - COLOMBIA _933349 |
| 942 |
_2ddc _cBK |
||
| 999 |
_c31405 _d31405 |
||